000 00406nam a2200169Ia 4500
008 230524s9999 xx 000 0 und d
020 _a9780170704473
082 _bRAM
100 _aK. Ramamurthi
_942904
245 0 _aExplosions and Explopsion Safety
250 _a4
260 _aNew Delhi
_bTMH
_c2011
300 _a"XIII,281p;"
500 _aQuantity Number: 1
650 _aCivil
942 _cBK
999 _c57872
_d57872